Coleccion de las leyes relativas al registro civil, reimpresas en 12 de enero de 1869

Detalles Bibliográficos
Autor Corporativo: México. Leyes, decretos, etc
Formato: Libro
Lenguaje:Spanish
Publicado: Puebla : tip. de Osorio, 1869.
Materias:
Colección:Banco de datos
Acervo:Biblioteca Palafoxiana. Colección de Pliegos Sueltos
Descripción Física:26 p. ; 20 cm.
Tema general:Derecho civil
Notas:Sello en tinta de la Biblioteca Pública Palafoxiana. Sello en tinta de la Biblioteca Pública del Estado de Puebla de Zaragoza
LEADER 00660nam a22001810004500
035 |a 2325 
041 0 |a spa 
082 0 4 |a FR/PAFX/IMPS/C092/02660 
110 1 |a México. Leyes, decretos, etc. 
245 1 0 |a Coleccion de las leyes relativas al registro civil, reimpresas en 12 de enero de 1869 
260 |a Puebla : tip. de Osorio, 1869.  
300 |a 26 p. ; 20 cm. 
500 |a Sello en tinta de la Biblioteca Pública Palafoxiana. Sello en tinta de la Biblioteca Pública del Estado de Puebla de Zaragoza 
650 1 0 |a Derecho civil 
949 |a I02660 
942 |c PALAPLIE 
943 |g Biblioteca Palafoxiana. Colección de Pliegos Sueltos 
999 |c 1075615  |d 1075615